000 01510nam0a2200289 4500
001 RU\NLR\bibl\540085
005 20260406010240.0
010 _a5-94457-113-6
035 _a(NLR Aleph) 000532334
090 _a1361037
_c1361037
100 _a20040714d2003 |||y0rusy50 ca
101 0 _arus
102 _aRU
105 _ay |||||||||
200 1 _aУказатели к изданию И.Е. Забелина "Домашний быт русских царей и цариц в XVI и XVII столетиях". Тома I (части 1 и 2), II
_f[Сост. А.В. Лаврентьев]
210 _aМ.
_cЯз. слав. культуры
_aКошелев
_d2003
215 _a111 с.
_d22
604 _1700#1$aЗабелин$bИ. Е.$f1820-1908$gИван Егорович$4070
_15011#$aДомашний быт русских царей и цариц в XVI и XVII столетиях$2psbo
_aЗабелин, Иван Егорович (1820-1908)
_tДомашний быт русских царей и цариц в XVI и XVII столетиях
606 0 _aПридворный быт
_jУказатели
_yРоссия
_z16 - 17 вв.
_92079196
_3RU\NLR\auth\661255071
686 _aТ3(2)44я2
686 _aТ3(2)461я2
702 1 _4220
_8rus
_7ca
_aЛаврентьев
_bА. В.
_cканд. ист. наук
_gАлександр Владимирович
_3RU\NLR\auth\77115720
_998645
801 0 _aRU
_bNLR
_c20040714
_gPSBO
801 1 _aRU
_bNLR
_c20040714
942 _cBOOK
980 _aNB